Introductory algebra : (Record no. 5751)

MARC details
000 -LEADER
fixed length control field 00917cam a2200289 a 4500
001 - CONTROL NUMBER
control field 16422403
003 - CONTROL NUMBER IDENTIFIER
control field mut
005 - DATE AND TIME OF LATEST TRANSACTION
control field 20240606081002.0
008 - FIXED-LENGTH DATA ELEMENTS--GENERAL INFORMATION
fixed length control field 100818s2012 nyua 001 0 eng
010 ## - LIBRARY OF CONGRESS CONTROL NUMBER
LC control number 2010032247
020 ## - INTERNATIONAL STANDARD BOOK NUMBER
International Standard Book Number 9780073384399 (hard copy : alk. paper)
020 ## - INTERNATIONAL STANDARD BOOK NUMBER
International Standard Book Number 0073384399 (hard copy : alk. paper)
040 ## - CATALOGING SOURCE
Original cataloging agency DLC
Transcribing agency DLC
Modifying agency DLC
042 ## - AUTHENTICATION CODE
Authentication code pcc
050 00 - LIBRARY OF CONGRESS CALL NUMBER
Classification number QA152.3
Item number .B466 2012
082 00 - DEWEY DECIMAL CLASSIFICATION NUMBER
Classification number 512.9
Edition information 22
100 1# - MAIN ENTRY--PERSONAL NAME
Personal name Bello, Ignacio.
245 10 - TITLE STATEMENT
Title Introductory algebra :
Remainder of title a real-world approach /
250 ## - EDITION STATEMENT
Edition statement 4th ed.
260 ## - PUBLICATION, DISTRIBUTION, ETC.
Place of publication, distribution, etc. New York, NY :
Name of publisher, distributor, etc. McGraw-Hill,
Date of publication, distribution, etc. c2012.
300 ## - PHYSICAL DESCRIPTION
Extent xxx, 758, [44] p. :
Other physical details col. ill. ;
Dimensions 28 cm.
500 ## - GENERAL NOTE
General note Includes index.
650 #0 - SUBJECT ADDED ENTRY--TOPICAL TERM
Topical term or geographic name entry element Algebra
Form subdivision Textbooks.
906 ## - LOCAL DATA ELEMENT F, LDF (RLIN)
a 7
b cbc
c orignew
d 1
e ecip
f 20
g y-gencatlg
942 ## - ADDED ENTRY ELEMENTS (KOHA)
Source of classification or shelving scheme Library of Congress Classification
Koha item type Books
Holdings
Withdrawn status Lost status Source of classification or shelving scheme Damaged status Not for loan Home library Current library Date acquired Total checkouts Full call number Barcode Date last seen Price effective from Koha item type
    Library of Congress Classification     Murang'a University of Technology Library Murang'a University of Technology Library 23/02/2017   QA152.3 .B466 2012 006064 23/02/2017 23/02/2017 Books
    Library of Congress Classification     Murang'a University of Technology Library Murang'a University of Technology Library 03/05/2017   QA152.3 .B466 2012 008991 30/08/2024 03/05/2017 Books